[Event "Chip2004 Open Fide"]
[Site "?"]
[Date "????.??.??"]
[Round "1"]
[White "Sandipan, C."]
[Black "Templier, N."]
[Result "1/2-1/2"]
[WhiteElo "2555"]
[BlackElo "2274"]
[PlyCount "88"]
[SourceDate "2004.07.04"]

1. e4 c5 2. Nf3 d6 3. Bb5+ Bd7 4. Bxd7+ Qxd7 5. c4 Nc6 6. d4 Qg4 7. O-O Nxd4 8.
Nxd4 Qxd1 9. Rxd1 cxd4 10. Rxd4 Rc8 11. b3 g6 12. Bb2 Bg7 13. Rd2 Bxb2 14. Rxb2
Nf6 15. Nc3 a6 16. a4 Rc5 17. f3 h5 18. Nd1 Kd7 19. Ne3 Rb8 20. b4 Rc7 21. a5
b5 22. axb6 Rxb6 23. e5 dxe5 24. c5 Re6 25. Rba2 Rb7 26. Nc2 Kc7 27. Rxa6 Rxa6
28. Rxa6 Nd5 29. Ra4 Kc6 30. Kf2 Kb5 31. Ra1 Kc4 32. Na3+ Kb3 33. b5 e6 34. c6
Rc7 35. b6 Nxb6 36. Rb1+ Kxa3 37. Rxb6 f5 38. Rb5 Rxc6 39. Rxe5 g5 40. g4 hxg4
41. fxg4 Rc2+ 42. Kg1 Rc1+ 43. Kg2 Rc2+ 44. Kg1 Rc1+ 1/2-1/2

[Event "Chip2004 Open Fide"]
[Site "?"]
[Date "????.??.??"]
[Round "1"]
[White "Drasko, M."]
[Black "Guillon, C."]
[Result "1-0"]
[WhiteElo "2464"]
[BlackElo "2212"]
[PlyCount "51"]
[SourceDate "2004.07.04"]

1. Nf3 f5 2. g3 Nf6 3. Bg2 g6 4. b3 Bg7 5. Bb2 d6 6. d4 O-O 7. O-O Na6 8. Nbd2
c5 9. Nc4 Rb8 10. a4 Bd7 11. Re1 Qe8 12. e3 b6 13. Qe2 Nb4 14. Rec1 h6 15. Ne1
g5 16. Nd3 Nxd3 17. cxd3 f4 18. exf4 gxf4 19. Re1 fxg3 20. hxg3 Qg6 21. Qxe7
Ng4 22. f3 Qxd3 23. Qxd7 Bxd4+ 24. Bxd4 Qxd4+ 25. Ne3 Rbe8 26. Qxg4+ 1-0

[Event "Chip2004 Open Fide"]
[Site "?"]
[Date "????.??.??"]
[Round "1"]
[White "Landa, K."]
[Black "Pile, R."]
[Result "1-0"]
[WhiteElo "2550"]
[BlackElo "2268"]
[PlyCount "77"]
[SourceDate "2004.07.04"]

1. e4 c5 2. Nf3 e6 3. Nc3 Nc6 4. d4 cxd4 5. Nxd4 Qc7 6. Be2 a6 7. O-O Nf6 8.
Be3 Bb4 9. Na4 Be7 10. Nxc6 bxc6 11. Nb6 Rb8 12. Nxc8 Qxc8 13. Bd4 c5 14. Be5
Rb6 15. b3 O-O 16. Qd3 d6 17. Bb2 Nd7 18. Rad1 Bf6 19. Bc1 Rd8 20. f4 c4 21.
Qf3 cxb3 22. cxb3 Rc6 23. Be3 Qc7 24. Bc4 Nb6 25. Bxa6 Ra8 26. Bb5 Rc3 27. Rf2
Rc8 28. Ba6 Ra8 29. Bd3 d5 30. e5 Bh4 31. g3 Be7 32. f5 Bc5 33. fxe6 fxe6 34.
Bxc5 Qxc5 35. Qh5 g6 36. Bxg6 hxg6 37. Qxg6+ Kh8 38. Qh6+ Kg8 39. Qxe6+ 1-0

[Event "Chip2004 Open Fide"]
[Site "?"]
[Date "????.??.??"]
[Round "1"]
[White "Spoelman, W."]
[Black "Kengis, E."]
[Result "1-0"]
[WhiteElo "2277"]
[BlackElo "2562"]
[PlyCount "61"]
[SourceDate "2004.07.04"]

1. e4 c5 2. Nf3 e6 3. d4 cxd4 4. Nxd4 a6 5. Bd3 Bc5 6. Nb3 Be7 7. O-O d6 8. c4
Nf6 9. Nc3 Nbd7 10. f4 b6 11. Qe2 Qc7 12. Bd2 Bb7 13. Kh1 O-O 14. Rae1 Rad8 15.
Rf3 Qb8 16. Rh3 Qa8 17. Kg1 g6 18. e5 Ne8 19. Qg4 dxe5 20. fxe5 Nc5 21. Nxc5
Bxc5+ 22. Kh1 f5 23. exf6 Nxf6 24. Qxe6+ Kg7 25. Nd5 Bxd5 26. cxd5 Rde8 27. Qc6
Rxe1+ 28. Bxe1 Re8 29. Bc3 Qxc6 30. dxc6 Bd4 31. Bxd4 1-0

[Event "Chip2004 Open Fide"]
[Site "?"]
[Date "????.??.??"]
[Round "1"]
[White "Martinovskaya, M."]
[Black "Degraeve, J-M."]
[Result "0-1"]
[WhiteElo "2235"]
[BlackElo "2530"]
[PlyCount "96"]
[SourceDate "2004.07.04"]

1. e4 c5 2. Nc3 Nc6 3. g3 g6 4. Bg2 Bg7 5. d3 d6 6. Be3 e5 7. Qd2 Nge7 8. Bh6
O-O 9. Bxg7 Kxg7 10. f4 f6 11. Nf3 Nd4 12. O-O Be6 13. Ne2 Nxe2+ 14. Qxe2 b5
15. fxe5 dxe5 16. Qe3 Qb6 17. a4 b4 18. Rf2 Rad8 19. b3 Qd6 20. h4 Nc6 21. Kh2
Bg4 22. Bh3 Bxf3 23. Qxf3 Nd4 24. Qe3 h6 25. Raf1 Qe7 26. Kg2 Rf7 27. h5 g5 28.
Bf5 Rd6 29. Kh3 Rf8 30. Rc1 Rfd8 31. Kg2 Qb7 32. g4 Qb6 33. Rff1 c4 34. a5 Nxf5
35. Qxb6 Nh4+ 36. Kg3 axb6 37. dxc4 bxa5 38. Ra1 Rd2 39. Rf2 Rxf2 40. Kxf2 Rd2+
41. Kf1 Rxc2 42. Rxa5 Nf3 43. Ra7+ Kf8 44. Ra8+ Ke7 45. Rb8 Nh2+ 46. Ke1 Nxg4
47. Rxb4 Kd6 48. Rb8 Kc5 0-1

[Event "Chip2004 Open Fide"]
[Site "?"]
[Date "????.??.??"]
[Round "1"]
[White "Peyrat, O."]
[Black "Socko, B."]
[Result "0-1"]
[WhiteElo "2272"]
[BlackElo "2554"]
[PlyCount "98"]
[SourceDate "2004.07.04"]

1. Nf3 Nf6 2. c4 g6 3. g3 Bg7 4. Bg2 O-O 5. O-O d6 6. Nc3 a6 7. Rb1 c6 8. b3 b5
9. e3 e5 10. Ba3 Re8 11. d3 d5 12. Bb2 Nbd7 13. cxd5 cxd5 14. Rc1 Bb7 15. d4 e4
16. Nd2 Qe7 17. Re1 h5 18. Ne2 Nf8 19. Nf4 Rad8 20. Qc2 g5 21. Ne2 Rc8 22. Qb1
Ng4 23. Rxc8 Rxc8 24. Rc1 Qf6 25. Rf1 Ne6 26. Ba3 a5 27. h3 Nh6 28. Rc1 b4 29.
Rxc8+ Bxc8 30. Bb2 Ba6 31. Kf1 h4 32. g4 Qe7 33. Qc1 Qd6 34. f3 Qh2 35. Qe1 f5
36. Qf2 Qc7 37. fxe4 fxe4 38. Nxe4 dxe4 39. Bxe4 Kh8 40. Ke1 Qe7 41. Kd2 Nc5
42. Bc2 Ne4+ 43. Bxe4 Qxe4 44. Nc1 Ng8 45. a3 Nf6 46. axb4 axb4 47. Qe1 Qg2+
48. Ne2 Ne4+ 49. Kd1 Nf2+ 0-1

[Event "Chip2004 Open Fide"]
[Site "?"]
[Date "????.??.??"]
[Round "1"]
[White "Sohier, J."]
[Black "Simon, O."]
[Result "0-1"]
[WhiteElo "2174"]
[BlackElo "2309"]
[PlyCount "66"]
[SourceDate "2004.07.04"]

1. e4 c5 2. Nf3 d6 3. d4 cxd4 4. Nxd4 Nf6 5. Nc3 a6 6. Be2 e5 7. Nf3 h6 8. O-O
Be7 9. a4 O-O 10. Bc4 Be6 11. Qe2 Qc7 12. Bxe6 fxe6 13. Rd1 Nbd7 14. Be3 Rac8
15. a5 Qc4 16. Qd3 Rfd8 17. g3 Ng4 18. Ra4 Qc6 19. h3 Nxe3 20. Qxe3 Rf8 21. Rd3
Rf7 22. b3 Rcf8 23. Rc4 Nc5 24. Qe2 Qe8 25. Re3 Bd8 26. Kg2 b5 27. axb6 Bxb6
28. Nd1 Qa8 29. Rb4 Nd7 30. Rd3 d5 31. exd5 exd5 32. Nxe5 Nxe5 33. Qxe5 Rxf2+
0-1

[Event "Chip2004 Open Fide"]
[Site "?"]
[Date "????.??.??"]
[Round "1"]
[White "Payen, A."]
[Black "Lamorelle, J."]
[Result "1-0"]
[WhiteElo "2400"]
[BlackElo "2202"]
[PlyCount "65"]
[SourceDate "2004.07.04"]

1. d4 d5 2. c4 c6 3. Nf3 Nf6 4. Qb3 e6 5. Bg5 Nbd7 6. Nc3 Qa5 7. Bd2 Qb6 8. e3
Be7 9. Bd3 dxc4 10. Bxc4 Qxb3 11. Bxb3 O-O 12. O-O Rd8 13. e4 Bb4 14. e5 Bxc3
15. bxc3 Ne4 16. Rfd1 b5 17. c4 Nxd2 18. Nxd2 Nb6 19. c5 Nd5 20. Ne4 a5 21. a3
Ba6 22. Nd6 Nc3 23. Rd2 b4 24. a4 Kf8 25. Re1 g5 26. Re3 g4 27. f3 h5 28. Rf2
g3 29. hxg3 Ke7 30. f4 Rg8 31. f5 Ne2+ 32. Rexe2 Bxe2 33. fxe6 1-0

[Event "Chip2004 Open Fide"]
[Site "?"]
[Date "????.??.??"]
[Round "1"]
[White "Goldsztejn, G."]
[Black "Bardy, V."]
[Result "1-0"]
[WhiteElo "2303"]
[BlackElo "1977"]
[PlyCount "63"]
[SourceDate "2004.07.04"]

1. d4 Nf6 2. c4 g6 3. Nc3 d5 4. Nf3 Bg7 5. cxd5 Nxd5 6. Bg5 h6 7. Bh4 Nxc3 8.
bxc3 c5 9. e3 Nc6 10. Bd3 O-O 11. O-O Re8 12. Rb1 Qa5 13. Qc2 cxd4 14. cxd4 e5
15. d5 Nb4 16. Qd2 e4 17. Rxb4 exd3 18. Re4 Qb5 19. a4 Qd7 20. Qxd3 b6 21. d6
g5 22. Rxe8+ Qxe8 23. Bg3 Bd7 24. Rc1 Bxa4 25. Rc7 Bd7 26. h4 g4 27. Nd4 a5 28.
Nf5 a4 29. Nxg7 Kxg7 30. Qd4+ Kh7 31. Rxd7 a3 32. Re7 1-0

[Event "Chip2004 Open Fide"]
[Site "?"]
[Date "????.??.??"]
[Round "1"]
[White "Kirszenberg, M."]
[Black "Solozhenkin, E."]
[Result "1/2-1/2"]
[WhiteElo "2222"]
[BlackElo "2480"]
[PlyCount "51"]
[SourceDate "2004.07.04"]

1. d4 Nf6 2. c4 e6 3. Nc3 Bb4 4. f3 d5 5. a3 Bxc3+ 6. bxc3 c5 7. cxd5 Nxd5 8.
Qd3 cxd4 9. cxd4 b6 10. Qb5+ Bd7 11. Qd3 a6 12. e4 Bb5 13. Qb3 Bxf1 14. Kxf1
Ne7 15. Be3 Nbc6 16. Ne2 Na5 17. Qd3 b5 18. Kf2 O-O 19. Rhc1 Qd7 20. Rc3 h6 21.
Rac1 Nc4 22. Kg1 Rfd8 23. Bf2 Nc6 24. f4 f5 25. exf5 exf5 26. Rxc4 1/2-1/2

[Event "Chip2004 Open Fide"]
[Site "?"]
[Date "????.??.??"]
[Round "1"]
[White "Vuckovic, B."]
[Black "Lamorelle, Y."]
[Result "1-0"]
[WhiteElo "2533"]
[BlackElo "2255"]
[PlyCount "45"]
[SourceDate "2004.07.04"]

1. e4 e5 2. Nf3 Nc6 3. d4 exd4 4. Nxd4 Bc5 5. Nxc6 bxc6 6. Nc3 Nf6 7. Bd3 O-O
8. O-O Re8 9. Bg5 h6 10. Bh4 Bd4 11. Kh1 d5 12. exd5 cxd5 13. Bb5 Bxc3 14. Bxe8
Ba6 15. bxc3 Bxf1 16. Bc6 g5 17. Bg3 Bc4 18. Bxa8 Qxa8 19. Bxc7 Ne4 20. Qd4 Qb7
21. f3 Qb2 22. Re1 Qxc3 23. Rxe4 1-0

[Event "Chip2004 Open Fide"]
[Site "?"]
[Date "????.??.??"]
[Round "1"]
[White "Glicenstein, A."]
[Black "Gollain, M."]
[Result "1-0"]
[WhiteElo "2332"]
[BlackElo "2177"]
[PlyCount "56"]
[SourceDate "2004.07.04"]

1. Nf3 d5 2. c4 c6 3. e3 Nf6 4. d4 e6 5. Nbd2 Bd6 6. b3 Nbd7 7. Bb2 Qe7 8. Ne5
Ba3 9. Bxa3 Qxa3 10. Nxd7 Bxd7 11. Bd3 c5 12. cxd5 exd5 13. dxc5 Rc8 14. O-O
O-O 15. e4 Qxc5 16. e5 Ng4 17. Nf3 Rfe8 18. Ng5 Rxe5 19. Bxh7+ Kf8 20. Nf3 Ree8
21. Bd3 Nf6 22. Qd2 Bb5 23. Rac1 Qxc1 24. Rxc1 Rxc1+ 25. Qxc1 Bxd3 26. Qc5+ Kg8
27. Qxa7 Ba6 28. h3 Re2 1-0

[Event "Chip2004 Open Fide"]
[Site "?"]
[Date "????.??.??"]
[Round "1"]
[White "Bagheri, A."]
[Black "Mendeiros, J."]
[Result "1-0"]
[WhiteElo "2491"]
[BlackElo "2227"]
[PlyCount "45"]
[SourceDate "2004.07.04"]

1. d4 Nf6 2. c4 g6 3. Nc3 d5 4. cxd5 Nxd5 5. e4 Nxc3 6. bxc3 Bg7 7. Bb5+ c6 8.
Ba4 O-O 9. Ba3 b6 10. Ne2 Bb7 11. O-O Nd7 12. e5 Rc8 13. f4 Re8 14. f5 gxf5 15.
e6 fxe6 16. Bb3 Nf8 17. Rxf5 c5 18. Nf4 c4 19. Rg5 Ng6 20. Nxg6 hxg6 21. Qg4
Bf6 22. Rxg6+ Kf7 23. Qh5 1-0

[Event "Chip2004 Open Fide"]
[Site "?"]
[Date "????.??.??"]
[Round "?"]
[White "Hajek, J."]
[Black "Vachier-Lagrave, M."]
[Result "0-1"]
[WhiteElo "2205"]
[BlackElo "2458"]
[PlyCount "44"]
[SourceDate "2004.07.04"]

1. d4 Nf6 2. c4 g6 3. Nc3 d5 4. cxd5 Nxd5 5. e4 Nxc3 6. bxc3 Bg7 7. Bc4 c5 8.
Ne2 Nc6 9. Be3 cxd4 10. cxd4 Qa5+ 11. Kf1 O-O 12. h4 e5 13. d5 Nd4 14. h5 Bg4
15. hxg6 fxg6 16. Bxd4 exd4 17. Qd3 Rac8 18. d6+ Kh8 19. e5 Bf5 20. Qg3 Rxc4
21. Nf4 Qd2 22. Qh4 g5 0-1

[Event "Chip2004 Open Fide"]
[Site "?"]
[Date "????.??.??"]
[Round "1"]
[White "Kveinys, A."]
[Black "Douriet, A."]
[Result "1-0"]
[WhiteElo "2565"]
[BlackElo "2277"]
[PlyCount "55"]
[SourceDate "2004.07.04"]

1. e4 g6 2. d4 Bg7 3. Nf3 c6 4. c3 d6 5. Bd3 e5 6. O-O Bg4 7. Bc4 Qe7 8. dxe5
dxe5 9. b3 Nd7 10. Ba3 Qf6 11. Nbd2 O-O-O 12. h3 h5 13. Re1 Nb6 14. hxg4 hxg4
15. Nh2 Rxd2 16. Qxd2 Qh4 17. Bxf7 Qxh2+ 18. Kf1 Nh6 19. Be6+ Kb8 20. Rad1 Qh1+
21. Ke2 Qxg2 22. Qe3 Re8 23. Bd6+ Ka8 24. Be7 Nd5 25. exd5 Nf5 26. Bxf5 gxf5
27. Rg1 Qh2 28. dxc6 1-0

[Event "Chip2004 Open Fide"]
[Site "?"]
[Date "????.??.??"]
[Round "1"]
[White "Guyard, B."]
[Black "Pert, N."]
[Result "0-1"]
[WhiteElo "2232"]
[BlackElo "2493"]
[PlyCount "152"]
[SourceDate "2004.07.04"]

1. d4 d5 2. c4 c6 3. Nc3 Nf6 4. Nf3 dxc4 5. a4 Bf5 6. e3 e6 7. Bxc4 Bb4 8. O-O
O-O 9. Qe2 Bg6 10. Ne5 Nbd7 11. Nxg6 hxg6 12. Rd1 Qa5 13. Bd2 Rad8 14. Na2 Bxd2
15. Qxd2 Qxd2 16. Rxd2 c5 17. Nc3 Nb6 18. Bb3 cxd4 19. Rad1 d3 20. Rxd3 Rxd3
21. Rxd3 Nbd7 22. Rd6 Rc8 23. f3 Kf8 24. Kf2 Ke7 25. Rd4 Rc6 26. Rb4 b6 27. Ke2
Rc5 28. Rc4 Rxc4 29. Bxc4 a5 30. Nb5 Nc5 31. b3 Ne8 32. Kd2 Nd6 33. Kc3 g5 34.
Nxd6 Kxd6 35. Bb5 Ke5 36. b4 axb4+ 37. Kxb4 Nb7 38. Bc6 Nd6 39. g3 Kf6 40. Bb5
Nf5 41. e4 Nd6 42. Bd3 Ke5 43. Kc3 f5 44. exf5 exf5 45. Bc2 Kd5 46. Bb3+ Kc5
47. Bc2 f4 48. Bd3 Nf7 49. Bf1 Ne5 50. Be2 Nc6 51. gxf4 gxf4 52. Bd1 Nd4 53.
Kd3 Kd5 54. Kc3 Nf5 55. Bb3+ Kc5 56. Kd3 Ne3 57. Bf7 g5 58. Bb3 Nf5 59. Bc2 Ne3
60. Bb3 Nf1 61. h3 Ne3 62. Bf7 Nf5 63. Bb3 Nd4 64. Bd1 Kd5 65. Kc3 Nf5 66. Bb3+
Kc5 67. Be6 Nd4 68. Bg4 Nc6 69. Bd7 Ne5 70. Bg4 Nc6 71. Bd7 Ne5 72. Bg4 Kd5 73.
Bh5 Kc5 74. Bg4 Nc4 75. Bh5 Ne3 76. Bg4 Nd5+ 0-1

[Event "Chip2004 Open Fide"]
[Site "?"]
[Date "????.??.??"]
[Round "2"]
[White "Lamorelle, J."]
[Black "Khairallah, F."]
[Result "0-1"]
[WhiteElo "2202"]
[BlackElo "2283"]
[PlyCount "160"]
[SourceDate "2004.07.04"]

1. e4 c5 2. Nf3 Nc6 3. d4 cxd4 4. Nxd4 e5 5. Nb5 d6 6. N1c3 a6 7. Na3 b5 8. Nd5
Nce7 9. c4 Nxd5 10. Qxd5 Be6 11. Qd1 b4 12. Nc2 a5 13. Be2 Nf6 14. Bg5 Be7 15.
Bxf6 Bxf6 16. Qd3 O-O 17. Rd1 Qc8 18. Ne3 Be7 19. O-O Ra7 20. h3 Rd7 21. Bg4
Bd8 22. Nd5 Qc6 23. b3 Bb6 24. Nxb6 Qxb6 25. Rfe1 Rfd8 26. Qe3 Qxe3 27. Rxe3
Kf8 28. g3 Rc7 29. f4 Rc5 30. Red3 Ke7 31. Kg2 a4 32. Kf3 g6 33. Bxe6 fxe6 34.
fxe5 Rxe5 35. bxa4 Ra5 36. Ke3 Rxa4 37. c5 d5 38. exd5 exd5 39. R1d2 Ke6 40.
Rc2 Ke5 41. c6 d4+ 42. Ke2 Kd5 43. Rf3 Rc8 44. c7 Ke4 45. Rb3 Ra7 46. Kd2 Raxc7
47. Rxc7 Rxc7 48. Rxb4 Rc3 49. Rb3 Rc4 50. a3 Ra4 51. Ke2 h5 52. h4 Ra6 53. Rf3
Rb6 54. Rf4+ Ke5 55. Rf3 Rb2+ 56. Kd3 Rb3+ 57. Ke2 Rb2+ 58. Kd3 Rb6 59. Kc4
Rc6+ 60. Kd3 Ra6 61. Kd2 Ra4 62. Ke2 Ke4 63. Rf4+ Ke5 64. Rf3 Ra7 65. Kd2 Ra8
66. Ke2 Re8 67. Kd3 Ra8 68. Ke2 Rb8 69. Kd2 Rb6 70. Ke2 Rb1 71. Kd3 Rg1 72. Kc4
Rg2 73. a4 Ra2 74. Kb5 Ra1 75. a5 Ke4 76. Rf4+ Ke3 77. a6 d3 78. Rf6 d2 79.
Re6+ Kf3 80. Rf6+ Kg2 0-1

[Event "Chip2004 Open Fide"]
[Site "?"]
[Date "????.??.??"]
[Round "2"]
[White "Ferry, R."]
[Black "Bagheri, A."]
[Result "0-1"]
[WhiteElo "2185"]
[BlackElo "2491"]
[PlyCount "132"]
[SourceDate "2004.07.04"]

1. d4 d5 2. Nf3 Nf6 3. Bf4 c5 4. c3 Nc6 5. e3 Qb6 6. Qb3 c4 7. Qc2 Bf5 8. Qc1
e6 9. h3 Qd8 10. Be2 b5 11. Bd1 Bd6 12. Bxd6 Qxd6 13. Bc2 O-O 14. Nbd2 b4 15.
O-O Rab8 16. Bxf5 exf5 17. b3 Ne4 18. Nxe4 fxe4 19. Nd2 Na5 20. bxc4 Nxc4 21.
Nxc4 dxc4 22. Qc2 Qd5 23. cxb4 Rxb4 24. Rae1 Rc8 25. a3 Rb6 26. Qa4 h5 27. Rb1
c3 28. Rxb6 axb6 29. Rc1 b5 30. Qc2 h4 31. Rb1 Rc6 32. Kh1 f5 33. g3 Kh7 34. g4
fxg4 35. hxg4 Rf6 36. Qxc3 Qe6 37. Rg1 Rxf2 38. Qc5 Qf7 39. Qh5+ Qxh5 40. gxh5
Re2 41. Rb1 Rxe3 42. Rxb5 Rxa3 43. Re5 Kh6 44. Kh2 Rg3 45. Rxe4 Kxh5 46. Kh1
Rd3 47. Kh2 g5 48. Kg2 Kg6 49. Kh2 Kf5 50. Re1 Rxd4 51. Rf1+ Kg4 52. Rg1+ Kh5
53. Ra1 Rd2+ 54. Kg1 h3 55. Ra4 g4 56. Ra3 Kh4 57. Ra1 Rg2+ 58. Kh1 Rf2 59. Re1
Kg3 60. Re3+ Rf3 61. Re1 Rf4 62. Rg1+ Kh4 63. Ra1 g3 64. Kg1 h2+ 65. Kg2 Rf2+
66. Kh1 Kh3 0-1

[Event "Chip2004 Open Fide"]
[Site "?"]
[Date "????.??.??"]
[Round "2"]
[White "Degraeve, J-M."]
[Black "Maisuradze, N."]
[Result "1-0"]
[WhiteElo "2530"]
[BlackElo "2277"]
[PlyCount "84"]
[SourceDate "2004.07.04"]

1. e4 c5 2. Nf3 d6 3. Bb5+ Nc6 4. c3 e5 5. d4 cxd4 6. cxd4 Qa5+ 7. Nc3 a6 8.
Bxc6+ bxc6 9. dxe5 dxe5 10. O-O Nf6 11. Qc2 Be6 12. Na4 Qb5 13. b3 Bd6 14. Rd1
Rd8 15. Bb2 Bg4 16. Rac1 Ke7 17. Rxd6 Rxd6 18. Ba3 Bxf3 19. gxf3 Kd7 20. Bxd6
Kxd6 21. Qd2+ Ke7 22. Rd1 Qb8 23. Nc5 Rd8 24. Qxd8+ Qxd8 25. Rxd8 Kxd8 26. Nxa6
Nd7 27. Kf1 c5 28. Ke2 Kc8 29. b4 c4 30. Kd2 Kb7 31. Nc5+ Nxc5 32. bxc5 Kc6 33.
Kc3 Kxc5 34. a4 h5 35. a5 Kb5 36. a6 Kxa6 37. Kxc4 Kb6 38. Kd5 Kb5 39. Kxe5 Kc4
40. Kd6 Kd3 41. Ke7 f6 42. Kf7 Ke2 1-0

[Event "Chip2004 Open Fide"]
[Site "?"]
[Date "????.??.??"]
[Round "2"]
[White "Borzakian, M."]
[Black "Sanchez, J."]
[Result "0-1"]
[WhiteElo "2200"]
[BlackElo "2453"]
[PlyCount "69"]
[SourceDate "2004.07.04"]

1. e4 c5 2. Nc3 Nc6 3. Bb5 Nd4 4. Bc4 a6 5. Nf3 e6 6. Nxd4 cxd4 7. Ne2 b5 8.
Bb3 Bb7 9. d3 Bc5 10. O-O Nf6 11. Bd2 d5 12. e5 Ng4 13. f4 h5 14. Qe1 a5 15. a4
b4 16. f5 exf5 17. Rxf5 g6 18. Rf1 Qe7 19. e6 O-O 20. h3 Ne3 21. Bxe3 dxe3 22.
d4 Bd6 23. Nf4 Bxf4 24. Rxf4 Qxe6 25. Qg3 Rae8 26. Re1 Kg7 27. Rf3 e2 28. Qc7
Qe4 29. Qxb7 Qxd4+ 30. Rf2 Qd2 31. Rfxe2 Rxe2 32. Rxe2 Qxe2 33. Qxd5 Qe3+ 34.
Kh2 Qf4+ 35. Kg1 0-1

[Event "Chip2004 Open Fide"]
[Site "?"]
[Date "????.??.??"]
[Round "2"]
[White "Pile, R."]
[Black "Derieux, C."]
[Result "1-0"]
[WhiteElo "2268"]
[BlackElo "2186"]
[PlyCount "69"]
[SourceDate "2004.07.04"]

1. c4 Nf6 2. Nc3 c5 3. g3 d5 4. cxd5 Nxd5 5. Bg2 Nc7 6. Nf3 Nc6 7. O-O e5 8. d3
Be7 9. Nd2 Bd7 10. Nc4 f6 11. f4 b5 12. Ne3 exf4 13. Nf5 Bxf5 14. Bxc6+ Bd7 15.
Bxa8 Qxa8 16. gxf4 Bh3 17. Rf3 Bg4 18. Rg3 f5 19. h3 Bh5 20. Qf1 b4 21. Na4 Ne6
22. Qg2 Qd8 23. Be3 Bh4 24. Qc6+ Kf7 25. Nxc5 Nxc5 26. Qxc5 g6 27. Qc4+ Kg7 28.
Bd4+ Kh6 29. Rg2 Re8 30. Be5 Bf6 31. d4 Bxe5 32. fxe5 Qh4 33. Qxb4 Qxh3 34.
Qd2+ Kg7 35. Rc1 1-0

[Event "Chip2004 Open Fide"]
[Site "?"]
[Date "????.??.??"]
[Round "2"]
[White "Lamorelle, Y."]
[Black "Sohier, J."]
[Result "1-0"]
[WhiteElo "2255"]
[BlackElo "2174"]
[PlyCount "51"]
[SourceDate "2004.07.04"]

1. e4 e6 2. d4 d5 3. e5 c5 4. c3 Qb6 5. Nf3 Bd7 6. Be2 cxd4 7. cxd4 Bb5 8. O-O
Bxe2 9. Qxe2 Qa6 10. Qc2 Ne7 11. Nc3 Nec6 12. Be3 Nd7 13. Rac1 Be7 14. Rfd1 O-O
15. Ng5 Bxg5 16. Bxg5 Qc4 17. Qd2 Qb4 18. f4 f6 19. exf6 Nxf6 20. f5 Qd6 21.
Nb5 Qe7 22. Re1 a6 23. Nc3 Qb4 24. fxe6 Rae8 25. Rcd1 Re7 26. Bxf6 1-0

[Event "Chip2004 Open Fide"]
[Site "?"]
[Date "????.??.??"]
[Round "2"]
[White "Ionescu, D."]
[Black "Kirszenberg, M."]
[Result "1/2-1/2"]
[WhiteElo "2395"]
[BlackElo "2222"]
[PlyCount "108"]
[SourceDate "2004.07.04"]

1. e4 e6 2. d4 d5 3. Nd2 Nf6 4. e5 Ne4 5. Bd3 Nxd2 6. Bxd2 c5 7. dxc5 Bxc5 8.
Nf3 Qb6 9. O-O Nc6 10. Rb1 Bd7 11. c3 h6 12. h4 a5 13. b4 axb4 14. cxb4 Be7 15.
a4 O-O 16. a5 Qd8 17. h5 f5 18. exf6 Bxf6 19. Qe2 e5 20. b5 e4 21. bxc6 exd3
22. Qxd3 Bxc6 23. Nd4 Bxd4 24. Qxd4 Qf6 25. Qxf6 Rxf6 26. Rfe1 d4 27. Re5 Raf8
28. f3 Rf5 29. Rxf5 Rxf5 30. Rc1 Bb5 31. Rc8+ Kh7 32. Rc7 Ba6 33. Rd7 Rxh5 34.
Rxd4 Rf5 35. Rd7 Kg8 36. Bc3 Rf7 37. Rd6 Rf5 38. Rd8+ Rf8 39. Rd5 Bc4 40. Rd6
Ba6 41. Kf2 Rf5 42. Rd8+ Rf8 43. Rd5 Bc4 44. Rd6 Rf7 45. Be5 Bb5 46. Rb6 Ba6
47. f4 Re7 48. Rg6 Bd3 49. Rd6 Be4 50. g4 Kf7 51. Ke3 Bg2 52. Kd4 Bh3 53. g5
hxg5 54. fxg5 Rd7 1/2-1/2

[Event "Chip2004 Open Fide"]
[Site "?"]
[Date "????.??.??"]
[Round "2"]
[White "Gollain, M."]
[Black "Houhou, O."]
[Result "0-1"]
[WhiteElo "2177"]
[BlackElo "2259"]
[PlyCount "46"]
[SourceDate "2004.07.04"]

1. e4 c5 2. Nf3 e6 3. d4 cxd4 4. Nxd4 a6 5. Bd3 Qc7 6. O-O Nc6 7. Nxc6 dxc6 8.
f4 e5 9. fxe5 Be6 10. Bf4 Ne7 11. Bg3 Ng6 12. Qh5 Qb6+ 13. Kh1 Qxb2 14. Nd2 Qc3
15. Nf3 h6 16. Rfb1 O-O-O 17. a4 Be7 18. Ng1 Bg5 19. Nh3 Be7 20. Ng1 c5 21. Nf3
c4 22. Be1 Qxe1+ 23. Rxe1 Nf4 0-1

[Event "Chip2004 Open Fide"]
[Site "?"]
[Date "????.??.??"]
[Round "2"]
[White "Pert, N."]
[Black "Spoelman, W."]
[Result "1-0"]
[WhiteElo "2493"]
[BlackElo "2277"]
[PlyCount "61"]
[SourceDate "2004.07.04"]

1. d4 Nf6 2. Nf3 e6 3. c4 b6 4. Nc3 Bb4 5. Bg5 Bb7 6. e3 O-O 7. Bd3 h6 8. Bh4
c5 9. O-O cxd4 10. exd4 Be7 11. Re1 d5 12. Qe2 dxc4 13. Bxc4 Nc6 14. Rad1 Na5
15. Bd3 Nd5 16. Qe4 Nf6 17. Qe2 Nd5 18. Bxe7 Qxe7 19. Bb1 Nxc3 20. bxc3 Bd5 21.
Qd3 g6 22. Ne5 Rfc8 23. Qh3 Kg7 24. Rd3 Nc4 25. f4 Na3 26. c4 Nxc4 27. Nxg6
fxg6 28. Rg3 Qb4 29. Rxg6+ Kf7 30. Rgxe6 Rc7 31. Qf5+ 1-0

[Event "Chip2004 Open Fide"]
[Site "?"]
[Date "????.??.??"]
[Round "2"]
[White "Doucet, C."]
[Black "Hajek, J."]
[Result "0-1"]
[WhiteElo "2278"]
[BlackElo "2205"]
[PlyCount "126"]
[SourceDate "2004.07.04"]

1. d4 e6 2. c4 Bb4+ 3. Bd2 Qe7 4. g3 Nf6 5. Bg2 O-O 6. Nf3 Bxd2+ 7. Qxd2 d6 8.
O-O e5 9. d5 a5 10. Nc3 Na6 11. b3 Bd7 12. Rfd1 Nc5 13. Qc2 Rfb8 14. Nd2 b5 15.
cxb5 Bxb5 16. Nxb5 Rxb5 17. a3 Rab8 18. Rab1 e4 19. e3 g6 20. Qc4 Qe5 21. b4
Na4 22. Bxe4 Nc3 23. f4 Qe8 24. Qxc3 Nxe4 25. Qd4 Nxd2 26. Rxd2 c5 27. dxc6
Qxc6 28. Qxd6 Qc3 29. Rd3 Qc2 30. Rbd1 axb4 31. Qf6 Re8 32. Rd8 Rb8 33. axb4
Qe2 34. Rxe8+ Rxe8 35. Qd4 Rxe3 36. b5 Rb3 37. Qd8+ Kg7 38. Qd4+ Kh6 39. f5
Rxb5 40. Qf4+ g5 41. Rd6+ Kh5 42. g4+ Qxg4+ 43. Qxg4+ Kxg4 44. f6 Rb1+ 45. Kg2
Rb2+ 46. Kg1 Kf5 47. Ra6 Re2 48. h4 h6 49. hxg5 hxg5 50. Kf1 Re6 51. Ra4 Kxf6
52. Kf2 Rb6 53. Kf3 Kf5 54. Ra3 Rb5 55. Rc3 g4+ 56. Kg3 Kg5 57. Ra3 f5 58. Ra8
f4+ 59. Kg2 Rb2+ 60. Kg1 Kh4 61. Ra3 f3 62. Ra1 Kg3 63. Kh1 Rh2+ 0-1

[Event "Chip2004 Open Fide"]
[Site "?"]
[Date "????.??.??"]
[Round "2"]
[White "Verdier, P."]
[Black "Koulitchenko, A."]
[Result "1-0"]
[WhiteElo "2261"]
[BlackElo "2185"]
[PlyCount "67"]
[SourceDate "2004.07.04"]

1. d4 Nf6 2. c4 e6 3. Nc3 Bb4 4. a3 Bxc3+ 5. bxc3 d6 6. f3 Nbd7 7. Nh3 e5 8.
Bg5 c5 9. d5 e4 10. f4 h6 11. Bh4 e3 12. Qd3 O-O 13. Qxe3 Qa5 14. Nf2 b5 15. g4
bxc4 16. Bg2 Re8 17. Qd2 Rb8 18. O-O Rb3 19. g5 hxg5 20. fxg5 Nh7 21. Ne4 Qc7
22. Kh1 Ne5 23. Bg3 Bg4 24. Nf6+ gxf6 25. gxf6 Nxf6 26. Rxf6 Bh5 27. Qg5+ Bg6
28. Be4 Rb6 29. Raf1 Qe7 30. Bxe5 dxe5 31. Bxg6 fxg6 32. Rxg6+ Kh8 33. Qh6+ Qh7
34. Rf8+ 1-0

[Event "Chip2004 Open Fide"]
[Site "?"]
[Date "????.??.??"]
[Round "2"]
[White "Solozhenkin, E."]
[Black "Callet, E."]
[Result "1-0"]
[WhiteElo "2480"]
[BlackElo "2204"]
[PlyCount "73"]
[SourceDate "2004.07.04"]

1. d4 d5 2. Nf3 Nf6 3. c4 c6 4. Qb3 g6 5. Nc3 Bg7 6. cxd5 cxd5 7. Bg5 e6 8. e3
O-O 9. Bd3 Nc6 10. h3 a6 11. O-O b5 12. Rfc1 Bb7 13. Ne5 h6 14. Bh4 g5 15. Bg3
Na5 16. Qd1 Nc4 17. b3 Nb2 18. Qe2 Nxd3 19. Nxd3 Nd7 20. a4 Qb6 21. b4 Bc6 22.
a5 Qb7 23. Na2 Rac8 24. Rc3 e5 25. Bxe5 Nxe5 26. Nxe5 Bxe5 27. dxe5 d4 28. exd4
Bxg2 29. Rg3 Be4 30. Nc3 Bg6 31. d5 Rc4 32. d6 Re8 33. Rd1 Kg7 34. d7 Rd8 35.
e6 fxe6 36. Qxe6 Qb8 37. Rd6 1-0

[Event "Chip2004 Open Fide"]
[Site "?"]
[Date "????.??.??"]
[Round "2"]
[White "Simon, O."]
[Black "Bellaiche, A."]
[Result "1-0"]
[WhiteElo "2309"]
[BlackElo "2495"]
[PlyCount "71"]
[SourceDate "2004.07.04"]

1. e4 c5 2. Nf3 e6 3. b3 d6 4. Bb2 Nf6 5. e5 dxe5 6. Nxe5 a6 7. f4 Bd6 8. Bd3
Bd7 9. O-O Nc6 10. Qf3 Qe7 11. Na3 Nd5 12. Nac4 Bc7 13. a3 O-O-O 14. Nxd7 Qxd7
15. Bxg7 Rhg8 16. Be5 f6 17. Bxc7 Qxc7 18. Ne3 Nd4 19. Qf2 Nb6 20. Rab1 Rd7 21.
a4 Qc6 22. a5 Na8 23. b4 Nc7 24. f5 Rdg7 25. c3 Rg5 26. fxe6 Ndxe6 27. Bf5 Kb8
28. Qf3 Qxf3 29. Rxf3 cxb4 30. Rxb4 Nd8 31. Rb6 Nc6 32. Be4 Nxa5 33. Rfxf6 h5
34. c4 Na8 35. Rb4 R8g7 36. Rxa6 1-0